01137nam a22002895i 450000100060000000300090000600500170001500700030003200800410003502000180007604000220009408000250011608000210014110000380016224500540020026000750025430000400032949000540036950400320042360000400045565100600049571000590055583000610061485200330067599900170070895201220072512013ES-MaACL20250818102741.0t|960506s1995 sp ||||0| spa j a84-8173-026-2 aM-BN bspa cM-BN a929 Juan (460.18) II a946.018"1406/54"1 aPorras Arboledas, Pedro A.99314610aJuan II, 1406-1454 / cPedro A. Porras Arboledas. aPalencia : bDiputación Provincial ; aBurgos : bLa Olmeda, c1995. a373 p., [16] p. de lám ; c22 cm.1 aCorona de España. I. Reyes de Castilla y León aBibliografía: p. 333-366.14aJuan bII cRey de Castilla.967123 4aCastilla (Reino)-xHistoria-y1406-1454, Juan II 979951 aPalencia (Provincia). bDiputación Provincial.9610700aCorona de España. pReyes de Castilla y León9179243 aES-MaACLjL-19327 bR.124712 c12013d12013 00104070aATENEOMbATENEOMcDEPO2d2008-01-17eSCl0oL-19327p1012240r2023-02-23 00:00:00w2023-02-23yMONOGRAFIA